000 00888cam a2200229 a 4500
001 000003244
005 20200929150353.0
008 000912s2000 dr b 001 0 spa d
040 _aDO-SdBNP
_bspa
_cBNPHU
082 _a347.7293
_bC352m
100 1 _aCastillo Ogando, Nelson Rudys.
_910223
245 1 0 _aManual de derecho notarial dominicano :
_bdoctrina, legislación, jurisprudencia, formularios /
_cNelson Rudys Castillo Ogando ; prólogo Jottin Cury.
260 _aMoca :
_bEditora Dalis,
_c2000.
300 _a407 p. ;
_c23 cm.
500 _aIncluye índice
504 _aIncluye referencias bibliográficas y notas al pie de las páginas.
650 4 _aDerecho notarial
_zRepública Dominicana
_910224
650 4 _aNotariado y registros
_910225
650 4 _aDocumentos públicos
_910226
700 1 _aCury, Jottin,
_epról.
_910227
910 _aValidado. Control de calidad BNPHU
999 _c3075
_d3075